Normal view
MARC view
- Farooq Arslan
Entry Personal Name
001 - CONTROL NUMBER
- control field: 126633
003 - CONTROL NUMBER IDENTIFIER
- control field: NUST
005 - DATE AND TIME OF LATEST TRANSACTION
- control field: 20241030160804.0
008 - FIXED-LENGTH DATA ELEMENTS
- fixed length control field: 241030|| aca||aabn | a|a d
040 ## - CATALOGING SOURCE
- Original cataloging agency: NUST
- Transcribing agency: NUST
100 ## - HEADING--PERSONAL NAME
- Personal name: Farooq Arslan
670 ## - SOURCE DATA FOUND
- Source citation: Work cat.: (NUST)230032: Farooq Arslan , Rehabilitation of Historic Buildings Gulzar Mahal Bahawalpur as a Case Study/ , 2014.
